The brief new century handbook / (Record no. 5740)

000 -LEADER
fixed length control field 01011cam a2200277 a 4500
003 - CONTROL NUMBER IDENTIFIER
control field OSt
005 - DATE AND TIME OF LATEST TRANSACTION
control field 20220617081713.0
008 - FIXED-LENGTH DATA ELEMENTS--GENERAL INFORMATION
fixed length control field 071010s2008 nyuab f 001 0 eng
020 ## - INTERNATIONAL STANDARD BOOK NUMBER
International Standard Book Number 9780321456380 (spiral bound)
020 ## - INTERNATIONAL STANDARD BOOK NUMBER
International Standard Book Number 9780321456380 (spiral bound)
040 ## - CATALOGING SOURCE
Transcribing agency DLC
050 00 - LIBRARY OF CONGRESS CALL NUMBER
Classification number PE1408
Item number .H6877 2008
100 1# - MAIN ENTRY--PERSONAL NAME
Personal name Hult, Christine A.
245 14 - TITLE STATEMENT
Title The brief new century handbook /
Statement of responsibility, etc. Christine A. Hult, Thomas N. Huckin.
250 ## - EDITION STATEMENT
Edition statement 4th ed.
260 ## - PUBLICATION, DISTRIBUTION, ETC.
Place of publication, distribution, etc. New York :
Name of publisher, distributor, etc. Pearson Longman,
Date of publication, distribution, etc. c2008.
300 ## - PHYSICAL DESCRIPTION
Extent 1 v. (various pagings) :
Other physical details ill. (chiefly col.) : col. maps ;
Dimensions 19 cm.
500 ## - GENERAL NOTE
General note Includes index.
650 #0 - SUBJECT ADDED ENTRY--TOPICAL TERM
Topical term or geographic name entry element English language
General subdivision Rhetoric
Form subdivision Handbooks, manuals, etc.
650 #0 - SUBJECT ADDED ENTRY--TOPICAL TERM
Topical term or geographic name entry element English language
General subdivision Grammar
Form subdivision Handbooks, manuals, etc.
650 #0 - SUBJECT ADDED ENTRY--TOPICAL TERM
Topical term or geographic name entry element Report writing
Form subdivision Handbooks, manuals, etc.
700 1# - ADDED ENTRY--PERSONAL NAME
Personal name Huckin, Thomas N.
906 ## - LOCAL DATA ELEMENT F, LDF (RLIN)
a 7
b cbc
c origcop
d 2
e ncip
f 20
g y-gencatlg
942 ## - ADDED ENTRY ELEMENTS (KOHA)
Source of classification or shelving scheme
Koha item type Book
Suppress in OPAC MM
Holdings
Withdrawn status Lost status Source of classification or shelving scheme Damaged status Not for loan Permanent Location Current Location Shelving location Date acquired Source of acquisition Total Checkouts Full call number Barcode Date last seen Copy number Price effective from Koha item type Public note
          AU LIBRARY AU LIBRARY Open Shelf 17.06.2022 DONATION FROM MOI UNIVERSITY   PE1408 .H6877 2008 C1 28011996 17.06.2022 1 17.06.2022 Book MM
          AU LIBRARY AU LIBRARY Open Shelf 17.06.2022 DONATION FROM MOI UNIVERSITY   PE1408 .H6877 2008 C2 28011997 17.06.2022 2 17.06.2022 Book MM
          AU LIBRARY AU LIBRARY Open Shelf 17.06.2022 DONATION FROM MOI UNIVERSITY   PE1408 .H6877 2008 C3 28011998 17.06.2022 3 17.06.2022 Book MM

Powered by Koha